000 00409nam a2200181Ia 4500
005 20240823041508.0
008 240823s9999||||xx |||||||||||||| ||und||
041 _aENGLISH
082 _A808.2 Q0
100 _aNalli Kupusami Settiyar
245 0 _aNearam Nalla Neram
250 _a2nd
260 _c2010
_bNanool
500 _aYES
650 _aTamil Books
_bGeneral
942 _cBK
999 _c205636
_d205636